| 000 | 01231nam a22003497a 4500 | ||
|---|---|---|---|
| 003 | CHAP | ||
| 005 | 20220329143438.0 | ||
| 008 | 090909s2007 mx r 00010 spa d | ||
| 010 | _a96715 | ||
| 011 | _a97687 | ||
| 020 | _a9789708260183 | ||
| 035 | _a108357 | ||
| 040 | _cCHAP | ||
| 082 | 0 | 4 |
_a362.82927 _bC27 |
| 100 | 1 |
_aCastellón Fuentes, Nancy. _920039 |
|
| 260 |
_aToluca, Edo. de Méx. : _bGobierno del Estado de México, _c2007 |
||
| 300 |
_a103 p. : _bcuadros |
||
| 490 | 0 |
_aBiblioteca Mexiquense del Bicentenario. _pColección mayor : Administración pública _v; 2 |
|
| 590 |
_aBATCH-UPD _b10 _c20130110 _lUCH01 _h1441 |
||
| 590 |
_aBATCH-UPD _b10 _c20130410 _lUCH01 _h0913 |
||
| 590 |
_aBATCH-UPD _b10 _c20130914 _lUCH01 _h0856 |
||
| 590 |
_aCONVERSION _b10 _c20130109 _lUCH01 _h1353 |
||
| 650 | 1 | 4 |
_aDerechos humanos. _931916 |
| 650 | 1 | 4 |
_aFamilia. _939405 |
| 650 | 1 | 4 |
_aViolencia. _9119891 |
| 700 | 1 |
_aOrtega Rueda, Alejandra _983872 |
|
| 700 | 1 |
_aZepeda Rocha, Ma. del Rocío. _9123938 |
|
| 830 | 0 |
_aBiblioteca Mexiquense del Bicentenario. _pColección mayor : Administración pública _v; 2 _912421 |
|
| 901 | _aBK | ||
| 942 | _cLIBRO | ||
| 949 |
_a362.82927 C27 _bBC _cLIBRO _d33724002138173 _eLIBRO _h111484 _i108357 _sb |
||
| 999 |
_c96715 _d96715 |
||